[Event "Deltalift op"]
[Site "Tylosand"]
[Date "2017.05.25"]
[Round "2"]
[White "Jepson, Christian"]
[Black "Persson, Anders"]
[Result "1/2-1/2"]
[WhiteElo "2429"]
[BlackElo "2046"]
[PlyCount "56"]
[EventDate "2017.05.25"]
[EventType "swiss"]
[EventRounds "8"]
[EventCountry "SWE"]
[SourceTitle "CBM 178 Extra"]
[Source "ChessBase"]
[SourceDate "2017.06.22"]
[SourceVersion "1"]
[SourceVersionDate "2017.06.22"]
[SourceQuality "1"]

1. e4 c5 2. Nf3 d6 3. d4 cxd4 4. Nxd4 Nf6 5. Nc3 Nc6 6. Bg5 e6 7. Qd2 a6 8. 0-0-0 h6 9. Nxc6 bxc6 10. Bf4 d5 11. Qe3 Qe7 12. exd5 cxd5 13. Be2 Qa7 14. Na4 Qxe3+ 15. Bxe3 Nd7 16. c4 Bb7 17. cxd5 Bxd5 18. Rxd5 exd5 19. Rd1 Be7 20. Rxd5 Rc8+ 21. Kb1 Rc6 22. a3 Nb8 23. Re5 Re6 24. Rxe6 fxe6 25. Bf4 0-0 26. Bxb8 Rxb8 27. Bxa6 Bxa3 28. Kc2 Bd6 1/2-1/2

[Event "Reykjavik op"]
[Site "Reykjavik"]
[Date "2017.04.23"]
[Round "6"]
[White "Ulfsson, Olafur Evert"]
[Black "Persson, Anders"]
[Result "0-1"]
[WhiteElo "1802"]
[BlackElo "2078"]
[PlyCount "78"]
[EventDate "2017.04.19"]
[EventType "swiss"]
[EventRounds "10"]
[EventCountry "ISL"]
[SourceTitle "CBM 178 Extra"]
[Source "ChessBase"]
[SourceDate "2017.06.22"]
[SourceVersion "1"]
[SourceVersionDate "2017.06.22"]
[SourceQuality "1"]

1. d4 Nf6 2. Bf4 g6 3. e3 Bg7 4. Nd2 d6 5. Ngf3 0-0 6. h3 c6 7. c4 Na6 8. Be2 Qb6 9. Qb3 Qxb3 10. Nxb3 Nb4 11. 0-0 Bf5 12. a3 Nd3 13. g4 Nxf4 14. exf4 Bd7 15. Rfe1 a5 16. Nbd2 h5 17. g5 Ne8 18. Bf1 Be6 19. Rad1 Nc7 20. a4 Rfe8 21. Re3 Bf5 22. Rde1 Kf8 23. b3 Ne6 24. Nh4 Nxd4 25. Nxf5 Nxf5 26. Rd3 Rad8 27. Ne4 d5 28. Red1 e6 29. Nc3 Ke7 30. c5 Kd7 31. Bg2 Kc7 32. Ne2 e5 33. fxe5 Rxe5 34. Kf1 Rde8 35. Ng1 Bf8 36. f4 Ne3+ 37. Ke2 R5e6 38. Nf3 Nxg2+ 39. Kf2 Nxf4 0-1

[Event "Reykjavik op"]
[Site "Reykjavik"]
[Date "2017.04.21"]
[Round "4"]
[White "Buchenau, Frank"]
[Black "Persson, Anders"]
[Result "1-0"]
[WhiteElo "2275"]
[BlackElo "2078"]
[PlyCount "139"]
[EventDate "2017.04.19"]
[EventType "swiss"]
[EventRounds "10"]
[EventCountry "ISL"]
[SourceTitle "CBM 178 Extra"]
[Source "ChessBase"]
[SourceDate "2017.06.22"]
[SourceVersion "1"]
[SourceVersionDate "2017.06.22"]
[SourceQuality "1"]

1. e4 c5 2. Nf3 d6 3. Bb5+ Bd7 4. Bxd7+ Nxd7 5. 0-0 Ngf6 6. Qe2 e6 7. d4 cxd4 8. Nxd4 Be7 9. c4 0-0 10. Nc3 a6 11. b3 Rc8 12. Bb2 Qc7 13. f4 Rfe8 14. Rae1 g6 15. e5 Nh5 16. Qe4 Ng7 17. g4 f5 18. exf6 Bxf6 19. Qd3 Bxd4+ 20. Qxd4 Qc5 21. Qxc5 Nxc5 22. Rd1 Rc6 23. b4 Nd7 24. Ne4 d5 25. cxd5 exd5 26. Rxd5 Nb6 27. Re5 Rxe5 28. Bxe5 Nd7 29. Bc3 Rc4 30. Rd1 Rxe4 31. Rxd7 Ne6 32. Re7 Rc4 33. Be5 Nxf4 34. Rg7+ Kf8 35. Rc7 Rxc7 36. Bxc7 Nd5 37. Bd6+ Kf7 38. a4 Nc3 39. a5 Ke6 40. Bf8 Kd5 41. Kf2 Kc4 42. Kg3 Nd5 43. Kh4 Nxb4 44. Kg5 Nc6 45. Kh6 Ne5 46. h3 Kb5 47. Kxh7 g5 48. Be7 Nf3 49. Bd8 Ng1 50. Bxg5 Nxh3 51. Bd8 Kc6 52. Kh6 Kd7 53. Bb6 Ke6 54. Be3 Ke5 55. Kh5 Ke4 56. Kh4 Kxe3 57. Kxh3 Kd4 58. g5 Kc5 59. g6 Kb5 60. g7 Kxa5 61. g8Q b5 62. Kg3 Kb4 63. Qf8+ Ka4 64. Qf6 a5 65. Qa1+ Kb4 66. Kf3 a4 67. Ke3 Kb3 68. Kd3 b4 69. Qb1+ Ka3 70. Kc4 1-0

[Event "Deltalift op"]
[Site "Tylosand"]
[Date "2016.05.06"]
[Round "5"]
[White "Persson, Anders"]
[Black "Nilsson, Anders1111"]
[Result "0-1"]
[WhiteElo "2074"]
[BlackElo "2224"]
[PlyCount "88"]
[EventDate "2016.05.05"]
[EventType "swiss"]
[EventRounds "8"]
[EventCountry "SWE"]
[SourceTitle "CBM 172 Extra"]
[Source "ChessBase"]
[SourceDate "2016.06.21"]
[SourceVersion "1"]
[SourceVersionDate "2016.06.21"]
[SourceQuality "1"]

1. Nf3 d6 2. c4 e5 3. Nc3 g6 4. d4 Bg7 5. Bg5 f6 6. Bh4 Nh6 7. e3 Nf5 8. Bg3 Nd7 9. Qc2 c6 10. Rd1 Nxg3 11. hxg3 f5 12. Be2 Qe7 13. 0-0 e4 14. Nd2 h5 15. Rfe1 h4 16. g4 Nf6 17. f3 exf3 18. Bxf3 0-0 19. gxf5 Bxf5 20. e4 Ng4 21. Nf1 Bd7 22. e5 Bf5 23. Qe2 Nh6 24. Nh2 dxe5 25. dxe5 Rae8 26. Qe3 Qxe5 27. Qxa7 Qf4 28. Rxe8 Rxe8 29. Qxb7 Bd4+ 30. Kh1 Be5 31. Nf1 h3 32. Qxc6 hxg2+ 33. Kxg2 Qg5+ 34. Kh1 Qh4+ 35. Kg1 Qg5+ 36. Kh1 Rf8 37. Qd5+ Nf7 38. c5 Kg7 39. Bg2 Qh4+ 40. Kg1 Rd8 41. Qb3 Bd4+ 42. Rxd4 Qxd4+ 43. Kh1 Rh8+ 44. Nh2 Qf4 0-1

[Event "Vasteras op"]
[Site "Vasteras"]
[Date "2015.09.25"]
[Round "2"]
[White "Persson, Anders"]
[Black "Hector, Jonny"]
[Result "0-1"]
[WhiteElo "2027"]
[BlackElo "2493"]
[PlyCount "80"]
[EventDate "2015.09.25"]
[EventType "swiss"]
[EventRounds "8"]
[EventCountry "SWE"]
[SourceTitle "EXT 2016"]
[Source "ChessBase"]
[SourceDate "2015.10.08"]
[SourceVersion "1"]
[SourceVersionDate "2015.10.08"]
[SourceQuality "1"]

1. d4 d5 2. c4 c6 3. Nf3 Nf6 4. Qb3 e6 5. g3 dxc4 6. Qxc4 b5 7. Qc2 Bb7 8. Bg2 Nbd7 9. Ne5 Nxe5 10. dxe5 Nd5 11. 0-0 Rc8 12. Nc3 Be7 13. Rd1 Qb6 14. a4 b4 15. Nxd5 cxd5 16. Qd2 b3 17. a5 Qb5 18. Qd3 Ba6 19. Qxb5+ Bxb5 20. e4 dxe4 21. Bxe4 0-0 22. Be3 a6 23. Rac1 f6 24. Bd4 Rfd8 25. Rxc8 Rxc8 26. Bc3 Kf7 27. Rd2 fxe5 28. Bxe5 Bf6 29. Bxf6 gxf6 30. f4 f5 31. Bf3 Rc2 32. Bh5+ Ke7 33. Rd4 Rxb2 34. Rb4 Rb1+ 35. Kf2 Bc6 36. Be2 b2 37. Bxa6 Rh1 38. Bd3 Be4 39. Bxe4 fxe4 40. a6 b1Q 0-1